000 00628nam a2200217Ia 4500
005 20250508170217.0
008 008 250505s9999 xx 000 0 eng d
020 _a978-81-321-0748-4
037 _aTextBook
040 _aFEDL
_beng
_cFEDL
041 _aeng
_2eng
084 _a001.42, CRE/R
_qFEDL
100 _aCreswell John W
245 0 _aResearch design: Qualitative mexed methods approaches
250 _a2
260 _aNew Delhi, India
_bSage
_c2003
300 _axxvi,246p.
546 _aPhotocopy and gifted by Prof. Salaja Chennat
942 _cTB
_h001.42, CRE/R
999 _c1399808
_d1399808